000 00662nam a22002297a 4500
005 20170124110125.0
010 _aA-143305
020 _c00.00
035 _aA-143305
037 _bCen Lib/Ret
040 _aDPL
_bEN
082 _a921
_bHAR
100 _aHarris, Theodore F.
_931379
245 _aPearl S. buck :
_cby Theodore F. Harris
_ba biography /
260 _aLondon
_bMethun & Co.
_c1936
270 _a11 new fetter lane
_bLondon
300 _a381p.
_c23cm(Hb)
500 _aIncludes bibliographical reference and index
650 _aLiterature
_96262
650 _aWomen and literature
_915756
942 _2ddc
_cEN
_h921
_mHAR
999 _c131285
_d131285